000 00695nam a2200289Ia 4500
005 20260324133520.0
008 008 260324s9999 xx 000 0 eng d
020 _a9780203417829
037 _aEBOOK
040 _aCRL
040 _beng
040 _cCRL
041 _2eng
041 _aeng
084 _qCRL
100 _aDexter Hoyos
_91174858
245 0 _aHannibal's Dynasty
245 0 _bPower and Politics in the Western Mediterranean, 247-183 BC
260 _bTaylor and Francis
260 _c2003
365 _a
365 _b230
856 _uhttp://www.taylorfrancis.com/books/9780203417829
942 _cEBOOK
999 _c1792496
_d1792496